00450nam a2200157 a 4500008004100000020001500041050001600056100002200072245005000094250001200144260006100156300002200217350000900239650001500248650002900263100330s2005 ||||||||||||||||| || u a013127306X aHD 58.7 Gre aGreenberg, Jerald10aManaging behavior in organizations. (4th ed.) a4th ed. aUpper Saddle River, N. J.:bPearson Education, Incc2005 axvii, 510p.: ill. a0.00 0aMANAGEMENT aORGANIZATIONAL BEHAVIOUR